000 00649nam a2200193 a 4500
008 120416s1975 ||||||||||||||||| || u
020 _a0721009972
050 _aTA 682.4 Con
100 _aBarnbrook, George
245 1 0 _aConcrete Practice
246 _aG. Barnbrook and others
260 _aWexham Springs
_bCement and Concrete Association
_c1975
300 _a64p. : ill.
350 _a0.00
650 _aCONCRETE
650 _aCONCRETE CONSTRUCTION
700 _aGuy, Ian Neville
995 _D0.00
_FCBU-MAIN LIBRARY (Kitwe)
_H1
_I0.00
_M1
_UAVAILABLE
_ZAnnex Low-Usage Collection
999 _c38386
_d38386